Những vấn đề và sự kiện trong cuộc sống mà con người phải đương đầu : Tuyển chọn các bài luyện dịch Anh-Việt theo chủ điểm

Sparad:
Bibliografiska uppgifter
Huvudupphovsman: Nguyễn, Thành Tâm
Materialtyp: Bok
Språk:Undetermined
Publicerad: TP. Hồ Chí Minh Thống kê 2005
Ämnen:
Taggar: Lägg till en tagg
Inga taggar, Lägg till första taggen!
Thư viện lưu trữ: Trung tâm Học liệu Trường Đại học Cần Thơ
LEADER 00708nam a2200205Ia 4500
001 CTU_91722
008 210402s9999 xx 000 0 und d
020 |c 31000 
082 |a 428.2 
082 |b T104 
100 |a Nguyễn, Thành Tâm 
245 0 |a Những vấn đề và sự kiện trong cuộc sống mà con người phải đương đầu : 
245 0 |b Tuyển chọn các bài luyện dịch Anh-Việt theo chủ điểm 
245 0 |c Nguyễn Thành Tâm 
260 |a TP. Hồ Chí Minh 
260 |b Thống kê 
260 |c 2005 
650 |a Linguistics 
904 |i Nguyên 
980 |a Trung tâm Học liệu Trường Đại học Cần Thơ